| 000 | 00000nam##2200000za#4500 |
| 001 | 9.691038 |
| 003 | CaOODSP |
| 005 | 20220818080146 |
| 007 | cr ||||||||||| |
| 008 | 150407|2008||||xxc|||||o f|0| 0 eng|d |
| 020 | |a978-0-662-48745-6 |
| 040 | |aCaOODSP|beng |
| 043 | |an-cn--- |
| 086 | 1 |aIP54-6/2008E-PDF |
| 110 | 2 |aOffice of the Privacy Commissioner of Canada. |
| 245 | 10|aLeading by example : |h[electronic resource]|bkey developments in the first seven years of the Personal Information Protection and Electronic Documents Act (PIPEDA) |
| 260 | |aOttawa - Ontario : |bOffice of the Privacy Commissioner of Canada |c2008. |
| 300 | |a69p.|btables |
| 500 | |aThe catalogue number (IP54-6/2008) and ISBN (978-0-662-05731-4) for the bilingual print edition have been incorrectly copied in this electronic publication. |
| 590 | |a10-10-Supp|b2010-11-09 |
| 690 | 07|aConfidentiality|2gcpds |
| 690 | 07|aPersonal information|2gcpds |
| 775 | 08|tTracer le chemin : |w(CaOODSP)9.635378 |
| 856 | 40|ahttp://publications.gc.ca|qPDF|s992 KB|uhttps://publications.gc.ca/collections/collection_2008/privcom/IP54-6-2008E.pdf |